Strzelcy goli dla Lecha Poznań w sezonie 22/23 - Statystyki

Ogólne statystyki
  • Ten quiz został rozwiązany 124 razy
    122 od ostatniego zresetowania
  • Średni wynik to 11 z 16
Statystyki odpowiedzi
Miejsce Zawodnik Strzelone bramki % Poprawnych
1. Mikael Ishak 20
100%
Kristoffer Velde 16
92%
4. Filip Marchwiński 8
91%
2. Michał Skóraś 16
90%
Radosław Murawski 1
84%
Joel Pereira 1
81%
10. Antonio Milić 2
80%
8. Filip Szymczak 3
79%
5. Afonso Sousa 7
75%
Artur Sobiech 4
74%
Jesper Karlström 1
72%
6. João Amaral 4
66%
11. Alan Czerwiński 1
42%
Ľubomír Šatka 1
34%
Nika Kwekweskiri 3
24%
Giorgi Citaiszwili 1
9%
Nie znaleziono quizów pasujących do podanych kryteriów
Rozkład punktacji
Procent ludzi z każdym wynikiem
Percentyl według liczby udzielonych odpowiedzi
Twoja historia wyników
Nie rozwiązałeś tego quizu od ostatniego zresetowania